LEADER 00591naa a2200145 i 4500 001 000000294537 003 CaOOAMICUS 005 20180831172508.0 008 180831n xx u000 u und u 013 $a1815 040 $aSeMil$bita 100 1 $aBrutti, Mario.$0(OLS)http://semarc/name/85104 245 12$aI momenti significativi dell'evoluzione sociale italiana negli anni '80. 773 0 $tRipensare il sociale agli inizi degli anni '90.$dRoma : AVE, copyr. 1991.$kItinerari$w()43816 996 $6245$aI momenti significativi dell'evoluzione sociale italiana negli anni '80$9(OLS)http://semarc/title/370623 LEADER 01177nam a2200253 i 4500 001 000000065098 003 CaOOAMICUS 005 20190830150303.0 008 130510s1971 xx u000 u fre u 013 $a36270 040 $aSeMil$bita 100 1 $aSiegwalt, Gérard,$d<1932- >.$0(OLS)http://semarc/name/2566 245 13$aLa loi, chemin du salut :$bétude sur la signification de la loi de l'Ancien Testament /$cGérard Siegwalt. 260 $aParis :$bDelachaux et Niestlé,$ccopyr. 1971. 300 $a261 p. ;$c23 cm. 490 0 $aBibliothèque théologique [Delachaux & Niestlé] 650 4$aBibbia - AT - Legge.$0(OLS)http://semarc/subject/27861 650 4$aTeologia biblica - AT.$0(OLS)http://semarc/subject/540 830 0$aBibliothèque théologique.$0(OLS)http://semarc/title/425569 850 $aSeMil 852 $aSeMil$W1$xVenegono$y1$m2K VII 137$j210599$B31251$CSeMilBibl$Z2$F31254 $81 996 $6245$aLa loi, chemin du salut :$bétude sur la signification de la loi de l'Ancien Testament$9(OLS)http://semarc/title/103274 996 $6260$aParis :$bDelachaux et Niestlé$9(OLS)http://semarc/publisher/32644